Normal view
MARC view
- هيئة المحاسبة -المصارف الالسلامية
Entry Topical Term
001 - CONTROL NUMBER
- control field: 61287
003 - CONTROL NUMBER IDENTIFIER
- control field: JO-AjAnu
005 - DATE AND TIME OF LATEST TRANSACTION
- control field: 20230606084020.0
008 - FIXED-LENGTH DATA ELEMENTS
- fixed length control field: 230606|| aca||aabn | a|a d
040 ## - CATALOGING SOURCE
- Original cataloging agency: JO-AjAnu
- Transcribing agency: JO-AjAnu
150 ## - HEADING--TOPICAL TERM
- Topical term or geographic name entry element: هيئة المحاسبة -المصارف الالسلامية
670 ## - SOURCE DATA FOUND
- Source citation: Work cat.: (JO-AjAnu)31262: اعداد عبدالله عواد الخوالدة ؛ إشراف فخري خليل أبو صفية, author 61286, اثر تطبيق المعايير الاخلاقيه الصادرة عن هيئة المحاسبة والمراجعة للمؤسسات المالية الإسلامية (الأيوفي) على اداء العاملين في المصارف الاسلاميةThe impact of Ethical Standards Issurd by (AAOIFI) on the performance of jordanian Islamic Bank,s Staff